00746nam a2200169 a 450000100100000000500170001000800410002704000250006810000280009324500680012126000870018930000200027659000760029604900090037295201780038199900170055900003351120200930070318.0110830s1987 dr 000 0 spa d aDO-SdBNPbspacBNPHU1 aArregui, Mariví9223614aLas hijas invisibles cuestionan la iglesia /cMiriví Arregui. a[Santo Domingo]:,cCentro Dominicano de Estudios de la Educación (CEDEEE)c1987. a21 p. ;c23 cm. aPerteneció a la biblioteca personal de Juan Isidro Jimenes Grullón. aBNPD 0010718PDaPDbPDcCTd2011-08-30iLF1l0o p33511-10r2020-06-25w2020-06-25yLFPDzPerteneció a la biblioteca personal de Juan Isidro Jimenes Grullón.ZNo se presta c33002d33002